header

Game console hacking (Record no. 48649)

MARC details
000 -LEADER
fixed length control field 01221nam a2200325Ia 4500
082 04 - DEWEY DECIMAL CLASSIFICATION NUMBER
Classification number 006.7
100 1# - MAIN ENTRY--AUTHOR NAME
Personal name Grand, Joe.
245 10 - TITLE STATEMENT
Title Game console hacking
260 ## - PUBLICATION, DISTRIBUTION, ETC. (IMPRINT)
Place of publication Rockland, MA :
Name of publisher Syngress Publishing,
Year of publication c2004.
300 ## - PHYSICAL DESCRIPTION
Number of Pages xxxi, 558 p. :
Other physical details ill.
500 ## - GENERAL NOTE
General note Includes index.
650 #0 - SUBJECT ADDED ENTRY--TOPICAL TERM
Topical Term Computer games
Topical Term Computer hackers.
700 1# - ADDED ENTRY--PERSONAL NAME
Personal name Thornton, Frank.
Personal name Yarusso, Albert.
856 40 - ELECTRONIC LOCATION AND ACCESS
Uniform Resource Identifier http://site.ebrary.com/lib/rucke/Doc?id=10066557

No items available.

© 2026 Rongo University
Contact us: librarian | system librarian | Rongo university